Fire and the full moon : Canada and Indonesia in a decolonizing world (Record no. 184114)

MARC details
000 -LEADER
fixed length control field 00958nam a2200265Ia 4500
008 - FIXED-LENGTH DATA ELEMENTS--GENERAL INFORMATION
fixed length control field 191130s2009##################000#0#eng##
020 ## - INTERNATIONAL STANDARD BOOK NUMBER
ISBN 9780774816830
082 ## - DEWEY DECIMAL CLASSIFICATION NUMBER
Classification number 327.710598 WEB
100 ## - MAIN ENTRY--AUTHOR NAME
Personal name Webster, David
245 ## - TITLE STATEMENT
Title Fire and the full moon : Canada and Indonesia in a decolonizing world
Statement of responsibility, etc David Webster
260 ## - PUBLICATION, DISTRIBUTION, ETC. (IMPRINT)
Place of publication Vancouver, Toronto
Name of publisher UBC Press
Year of publication c2009
300 ## - PHYSICAL DESCRIPTION
Number of Pages x, 257 p. : ill., map ; 24 cm
500 ## - GENERAL NOTE
General note Includes bibliographical references (p. [235]-249) and index
650 ## - SUBJECT ADDED ENTRY--TOPICAL TERM
Topical Term Canada - Foreign relations - 1945-
Topical Term Canada - Foreign relations - Indonesia
Topical Term Canada - Relations extérieures - 1945-
Topical Term Canada - Relations extérieures - Indonésie
Topical Term Décolonisation - Indonésie - Histoire
Topical Term Decolonization - Indonesia - History
991 ## -
-- 130959
Holdings
Withdrawn status Lost status Damaged status Not for loan Home library Current library Shelving location Date acquired Full call number Accession Number Price effective from Koha item type
        Anna Centenary Library Anna Centenary Library 3RD FLOOR, B WING 13.10.2020 327.710598 WEB 275474 13.10.2020 English Books

Find us on the map